| 000 | 00457nam a2200181Ia 4500 | ||
|---|---|---|---|
| 001 | 18804 | ||
| 005 | 20260306171657.0 | ||
| 008 | 260306s9999||||xx |||||||||||||| ||und|| | ||
| 041 | _aESP | ||
| 082 |
_a658.514 _bJ79 |
||
| 100 |
_aJoyanes Aguilar, Luis _eAUT |
||
| 245 | 0 |
_aIndustria 4.0: _bla cuarta revolución industrial |
|
| 260 | _c2018 | ||
| 300 |
_axxviii, 471 pƔginas : _c24 cm. |
||
| 650 | _aGEN | ||
| 654 | _aCAN | ||
| 942 |
_cLIB _dJUS _fJUS _2ddc _n |
||
| 999 |
_c18804 _d18804 |
||